000 01860nam0a2200301 4500
001 RU\NLR\BIBL_A\012090950
005 20250623205004.0
021 _aRU
_b2019-57645
_9КН-П-4133
035 _a(RuMoRGB)010065465
035 _a(NLR Aleph) 012090950
090 _a11854272
_c11854272
100 _a20190911d2019 |||y0rusy50 ca
101 0 _arus
102 _aRU
105 _aa|||z|||000zy
200 1 _aАнатомия органов мочеполовой системы
_eучебное пособие для студентов, обучающихся по специальностям 31.05.01 Лечебное дело, 31.05.03 Стоматология
_fА. А. Пшукова, А. Л. Бетуганова, М. Х. Тлакадугова
_gМинистерство образования и науки Российской Федерации, Федеральное государственное бюджетное образовательное учреждение высшего образования "Кабардино-Балкарский государственный университет им. Х. М. Бербекова"
210 _aНальчик
_cКБГУ
_d2019
215 _a94 с.
_cил., табл.
_d21
320 _aБиблиогр.: с. 94 (5 назв.)
606 1 _aМочеполовые органы
_jУчебные издания для высших учебных заведений
_xАнатомия
_9965496
_3RU\NLR\AUTH\6642381
686 1 _aЕ864.13я732Р
700 1 _aПшукова
_bА. А.
_gАльбина Анатольевна
701 1 _aБетуганова
_bА. Л.
_gАлина Латифовна
701 1 _aТлакадугова
_bМ. Х.
_gМадина Хажисмеловна
942 _cBOOK
980 _aNB